| 000 -ლიდერი |
| ფიქსირებული სიგრძის საკონტროლო ველი |
00871nam a2200253Ia 4500 |
| 001 - საკონტროლო ნომერი |
| საკონტროლო ველი |
8739 |
| 003 - საკონტროლო ნომრის იდენტიფიკატორი |
| საკონტროლო ველი |
GE_BSU |
| 005 - ბოლო ოპერაციის თარიღი და დრო |
| საკონტროლო ველი |
20240603153728.0 |
| 008 - ფიქსირებული სიგრძის მონაცემთა ელემენტები - ზოგადი ინფორმაცია |
| ფიქსირებული სიგრძის საკონტროლო ველი |
181216s2009||||ge |||||||||||||| ||geo|| |
| 020 ## - წიგნის საერთაშორისო სტანდარტული ნომერი |
| International Standard Book Number |
9789941409851 |
| 040 ## - კატალოგიზაციის წყარო |
| Transcribing agency |
GE_BSU |
| 041 ## - ენის კოდი |
| Language code of text/sound track or separate title |
geo |
| 080 ## - უნივერსალური ათობითი კლასიფიკაციის ინდექსი |
| Universal Decimal Classification number |
811.111'373(042.4) G-66 |
| 100 ## - მთავარი ჩანაწერი - პიროვნების სახელი |
| Personal name |
Goshketeliani, Irine |
| 9 (RLIN) |
13121 |
| 245 ## - ცნობა სათაურის შესახებ |
| Title |
English Lexicology : |
| Remainder of title |
(Concise form of Lectures) / |
| Statement of responsibility, etc |
Irine Goshkheteliani ; ed. Madona Megrelishvili. |
| 264 ## - წარმოების, გამოცემის, დისტრიბუციის და სხვა ცნობები |
| გამოცემის, წარმოების, დისტრიბუციის... ადგილი |
თბილისი : |
| გამოცემის, წარმოების, დისტრიბუციის... სახელწოდება |
შოთა რუსთაველის სახ. უნ–ტი, |
| გამოცემის, წარმოების, დისტრიბუციის... თარიღი |
2009. |
| 300 ## - ფიზიკური აღწერა |
| Extent |
178 p. : |
| Other physical details |
fig. ; |
| Dimensions |
20 cm. |
| 504 ## - BIBLIOGRAPHY, ETC. NOTE |
| Bibliography, etc |
Bibliogr. p. 178 |
| 653 ## - INDEX TERM--UNCONTROLLED |
| Uncontrolled term |
English Lexicology |
| 653 ## - INDEX TERM--UNCONTROLLED |
| Uncontrolled term |
ინგლისური ენის ლექსიკოლოგია |
| 700 ## - ADDED ENTRY--PERSONAL NAME |
| Personal name |
Megrelishvili, Madona |
| Relator term |
Author |
| 9 (RLIN) |
13282 |
| 942 ## - ADDED ENTRY ELEMENTS (KOHA) |
| Koha item type |
წიგნი |
| Source of classification or shelving scheme |
|